Marketing Management (Record no. 3793)

MARC details
000 -LEADER
fixed length control field 00342nam a22001577a 4500
005 - DATE AND TIME OF LATEST TRANSACTION
control field 20160624114020.0
008 - FIXED-LENGTH DATA ELEMENTS--GENERAL INFORMATION
fixed length control field 160624b xxu||||| |||| 00| 0 eng d
041 ## - LANGUAGE CODE
Language code of text/sound track or separate title eng
082 ## - DEWEY DECIMAL CLASSIFICATION NUMBER
Item number 9501
100 ## - MAIN ENTRY--AUTHOR NAME
Personal name Kotler, Philip
245 ## - TITLE STATEMENT
Title Marketing Management
260 ## - PUBLICATION, DISTRIBUTION, ETC. (IMPRINT)
Name of publisher PHI
300 ## - PHYSICAL DESCRIPTION
Number of Pages 351
650 ## - SUBJECT ADDED ENTRY--TOPICAL TERM
Topical Term Management
942 ## - ADDED ENTRY ELEMENTS (KOHA)
Koha item type Books
Holdings
Lost status Damaged status Home library Current library Shelving location Date acquired Full call number Accession Number Koha item type
    JRU Library   SHELF-28-J 24/06/2016 9501 9501 Books